| 000 | 00356nam a22001337a 4500 | ||
|---|---|---|---|
| 008 | 250428b |||||||| |||| 00| 0 eng d | ||
| 020 | _a0893882119 | ||
| 050 |
_aJX 1977 _b.B33 |
||
| 100 | _aBabagida B. Ibrahim | ||
| 245 | _aNigeria at the United Nations | ||
| 260 |
_aLagos _bDivision of Okpaku Communication Co. Ltd _c1991 |
||
| 300 | _a750p. | ||
| 942 | _cBK | ||
| 999 |
_c3209 _d3209 |
||